[Event "AUT-chT2M 2223"]
[Site "Austria"]
[Date "2022.10.01"]
[Round "2.5"]
[White "Frosch, Erich"]
[Black "Loescher, Leon"]
[Result "1/2-1/2"]
[WhiteElo "2163"]
[BlackElo "1843"]
[PlyCount "97"]
[EventDate "2022.09.30"]
[EventType "team-tourn"]
[EventRounds "11"]
[EventCountry "AUT"]
[SourceTitle "CBM 210 Extra"]
[Source "ChessBase"]
[SourceDate "2022.11.30"]
[SourceVersion "1"]
[SourceVersionDate "2022.11.30"]
[SourceQuality "1"]
[WhiteTeam "Gleisdorf"]
[BlackTeam "Raika Feffernitz II"]
[WhiteTeamCountry "AUT"]
[BlackTeamCountry "AUT"]

1. d4 d5 2. Nf3 Nf6 3. e3 e6 4. c4 Be7 5. Nc3 0-0 6. a3 a5 7. Be2 Nbd7 8. 0-0 b6 9. cxd5 exd5 10. Bb5 Bb7 11. Qa4 c5 12. Rd1 cxd4 13. exd4 Nb8 14. Bf4 Na6 15. Rac1 Rc8 16. Ne5 Bd6 17. Bg5 Nc7 18. Bd7 Bxe5 19. Bxc8 Bxh2+ 20. Kxh2 Bxc8 21. Kg1 Qd6 22. Bxf6 Qxf6 23. Re1 Be6 24. Qc6 Na8 25. Rcd1 Qf5 26. Rd2 g6 27. Qd6 Qg5 28. Rd3 Rd8 29. Qe5 Qh4 30. Rf3 Rd7 31. Nb5 Qe7 32. Rc3 Qd8 33. Rec1 Re7 34. Qg3 h5 35. Qf4 Kg7 36. Re3 Qd7 37. a4 Bf5 38. Rxe7 Qxe7 39. Qe5+ Qxe5 40. dxe5 Kf8 41. Nd4 Bd7 42. b3 Ke8 43. f4 Kd8 44. Kf2 Nc7 45. Ke3 Na6 46. f5 gxf5 47. Rh1 Nc5 48. Rxh5 Be6 49. Rh8+ 1/2-1/2

[Event "Graz"]
[Site "Graz"]
[Date "2022.05.22"]
[Round "4"]
[White "Kristoferitsch, Daniel"]
[Black "Frosch, Erich"]
[Result "1-0"]
[WhiteElo "2306"]
[BlackElo "2184"]
[PlyCount "65"]
[EventDate "2022.05.20"]
[EventType "tourn"]
[EventRounds "9"]
[EventCountry "AUT"]
[EventCategory "1"]
[SourceTitle "CBM 208 Extra"]
[Source "ChessBase"]
[SourceDate "2022.07.31"]
[SourceVersion "1"]
[SourceVersionDate "2022.07.31"]
[SourceQuality "1"]

1. d4 Nf6 2. c4 e6 3. Nc3 b6 4. e4 Bb7 5. Bd3 d6 6. f4 d5 7. cxd5 exd5 8. e5 Ne4 9. Nf3 Nd7 10. f5 Bb4 11. 0-0 Nxc3 12. bxc3 Be7 13. Qe1 f6 14. Qh4 0-0 15. e6 Nb8 16. Ne1 Re8 17. Rf3 Bf8 18. Rh3 h6 19. Be2 c5 20. Bh5 Re7 21. Qg4 g5 22. fxg6 Bc8 23. g7 Bxg7 24. Re3 Qd6 25. Bf7+ Kf8 26. Nd3 Nc6 27. Nf4 Rxf7 28. Ng6+ Kg8 29. exf7+ Kxf7 30. Qh5 Bd7 31. Ne5+ Kg8 32. Qf7+ Kh7 33. Qxd7 1-0

[Event "Graz"]
[Site "Graz"]
[Date "2022.05.21"]
[Round "2"]
[White "Nemeth, Miklos"]
[Black "Frosch, Erich"]
[Result "1-0"]
[WhiteElo "2446"]
[BlackElo "2184"]
[PlyCount "79"]
[EventDate "2022.05.20"]
[EventType "tourn"]
[EventRounds "9"]
[EventCountry "AUT"]
[EventCategory "1"]
[SourceTitle "CBM 208 Extra"]
[Source "ChessBase"]
[SourceDate "2022.07.31"]
[SourceVersion "1"]
[SourceVersionDate "2022.07.31"]
[SourceQuality "1"]

1. e4 e5 2. Nf3 Nc6 3. Bc4 Be7 4. 0-0 Nf6 5. d3 0-0 6. Re1 d6 7. a4 Na5 8. Ba2 c5 9. c3 Nc6 10. Nbd2 h6 11. Nc4 Be6 12. Bd2 Nh7 13. Ne3 Ng5 14. Nf5 Bxf5 15. exf5 Nxf3+ 16. Qxf3 Bg5 17. Bxg5 Qxg5 18. Bd5 Ne7 19. Bxb7 Rab8 20. a5 Nxf5 21. a6 g6 22. Qd5 Rfd8 23. Rab1 Kg7 24. b4 cxb4 25. cxb4 Ne7 26. Qc4 Qf5 27. d4 f6 28. b5 Qd7 29. dxe5 fxe5 30. f4 d5 31. Qc3 d4 32. Qc5 d3 33. Rxe5 Nf5 34. Rd1 d2 35. Re2 Qd4+ 36. Qxd4+ Rxd4 37. b6 axb6 38. a7 Rxb7 39. a8Q Rbd7 40. Qa2 1-0

[Event "AUT-chT2M 2122"]
[Site "Austria"]
[Date "2022.03.27"]
[Round "9.2"]
[White "Drnovsek, Gal"]
[Black "Frosch, Erich"]
[Result "1-0"]
[WhiteElo "2382"]
[BlackElo "2185"]
[PlyCount "55"]
[EventDate "2021.10.01"]
[EventType "team-tourn"]
[EventRounds "11"]
[EventCountry "AUT"]
[SourceTitle "EXT 2023"]
[Source "ChessBase"]
[SourceDate "2022.10.05"]
[SourceVersion "1"]
[SourceVersionDate "2022.10.05"]
[SourceQuality "1"]
[WhiteTeam "St Veit/Glan II"]
[BlackTeam "Gleisdorf"]
[WhiteTeamCountry "AUT"]
[BlackTeamCountry "AUT"]

1. d4 Nf6 2. c4 e6 3. Nf3 d5 4. Nc3 Be7 5. Bf4 a6 6. c5 Nc6 7. a3 Ne4 8. e3 g5 9. Be5 f6 10. Bg3 h5 11. h3 Nxg3 12. fxg3 f5 13. Be2 0-0 14. Qc2 Kg7 15. 0-0-0 g4 16. hxg4 hxg4 17. Nd2 Bg5 18. Qd3 Rh8 19. Kb1 Bd7 20. e4 Bxd2 21. Qxd2 fxe4 22. Rxh8 Qxh8 23. Qg5+ Kf7 24. Rf1+ Ke8 25. Bxg4 Ne7 26. Bh5+ Kd8 27. Rf7 Qe8 28. Qf6 1-0

[Event "Graz op-A"]
[Site "Graz"]
[Date "2020.02.21"]
[Round "9"]
[White "Frosch, Erich"]
[Black "Schloffer, Jasmin Denise"]
[Result "0-1"]
[WhiteElo "2210"]
[BlackElo "2080"]
[PlyCount "26"]
[EventDate "2020.02.14"]
[EventType "swiss"]
[EventRounds "9"]
[EventCountry "AUT"]
[SourceTitle "CBM 195 Extra"]
[Source "ChessBase"]
[SourceDate "2020.05.31"]
[SourceVersion "1"]
[SourceVersionDate "2020.05.31"]
[SourceQuality "1"]

1. Nf3 Nf6 2. b3 e6 3. Bb2 d5 4. e3 Be7 5. Be2 0-0 6. 0-0 c5 7. c4 b6 8. d4 Bb7 9. dxc5 Bxc5 10. cxd5 Nxd5 11. Ne5 Nc6 12. Nxc6 Bxc6 13. Nd2 Nxe3 0-1

[Event "Graz op-A"]
[Site "Graz"]
[Date "2020.02.14"]
[Round "1"]
[White "Frosch, Erich"]
[Black "Martinez Alcantara, Jose Eduardo"]
[Result "0-1"]
[WhiteElo "2210"]
[BlackElo "2617"]
[PlyCount "62"]
[EventDate "2020.02.14"]
[EventType "swiss"]
[EventRounds "9"]
[EventCountry "AUT"]
[SourceTitle "CBM 195 Extra"]
[Source "ChessBase"]
[SourceDate "2020.05.31"]
[SourceVersion "1"]
[SourceVersionDate "2020.05.31"]
[SourceQuality "1"]

1. d4 Nf6 2. c4 e6 3. Nf3 Bb4+ 4. Nc3 b6 5. Qc2 Bb7 6. a3 Bxc3+ 7. Qxc3 0-0 8. g4 d5 9. Rg1 Nbd7 10. Ng5 c5 11. cxd5 Bxd5 12. b4 cxd4 13. Qxd4 e5 14. Qd3 Qc7 15. Rg3 Rfc8 16. Bd2 h6 17. Nh3 g5 18. f3 e4 19. fxe4 Ne5 20. Qd4 Bb7 21. Nf2 Rd8 22. Qc3 Qe7 23. Bg2 Rac8 24. Qb3 Nc4 25. Bc3 Nxe4 26. Bxe4 Bxe4 27. Rd1 Bd5 28. Ba1 Re8 29. Qd3 Nxa3 30. Kf1 Rcd8 31. Qxa3 Qxe2+ 0-1

[Event "AUT-chT2M 1920"]
[Site "Austria"]
[Date "2019.11.09"]
[Round "5.5"]
[White "Ragger, Anna Christina"]
[Black "Frosch, Erich"]
[Result "1-0"]
[WhiteElo "2238"]
[BlackElo "2188"]
[PlyCount "47"]
[EventDate "2019.10.11"]
[EventType "team-tourn"]
[EventRounds "11"]
[EventCountry "AUT"]
[SourceTitle "CBM 192 Extra"]
[Source "Chessbase"]
[SourceDate "2019.11.06"]
[SourceVersion "1"]
[SourceVersionDate "2019.11.06"]
[SourceQuality "1"]
[WhiteTeam "St Veit Aspernig II"]
[BlackTeam "Gleisdorf"]
[WhiteTeamCountry "AUT"]
[BlackTeamCountry "AUT"]

1. e4 e5 2. Nf3 Nc6 3. Nc3 d6 4. d4 exd4 5. Nxd4 Be7 6. Nd5 Nf6 7. Bb5 Bd7 8. Nxe7 Qxe7 9. 0-0 Nxd4 10. Bxd7+ Kxd7 11. Qxd4 Qxe4 12. Qc3 Rae8 13. a4 Re5 14. b4 Rhe8 15. Qb3 R8e6 16. a5 d5 17. Be3 a6 18. Rad1 Kc8 19. Rd4 Qf5 20. Rfd1 c6 21. h3 Re4 22. Qc3 Ne8 23. Rxd5 Qf6 24. Qxf6 1-0

[Event "AUT-chT2M 1920"]
[Site "Austria"]
[Date "2019.11.08"]
[Round "4.5"]
[White "Frosch, Erich"]
[Black "Hellmayr, Alois"]
[Result "1/2-1/2"]
[WhiteElo "2188"]
[BlackElo "2242"]
[PlyCount "64"]
[EventDate "2019.10.11"]
[EventType "team-tourn"]
[EventRounds "11"]
[EventCountry "AUT"]
[SourceTitle "CBM 192 Extra"]
[Source "Chessbase"]
[SourceDate "2019.11.06"]
[SourceVersion "1"]
[SourceVersionDate "2019.11.06"]
[SourceQuality "1"]
[WhiteTeam "Gleisdorf"]
[BlackTeam "Sauwald"]
[WhiteTeamCountry "AUT"]
[BlackTeamCountry "AUT"]

1. d4 Nf6 2. Nf3 e6 3. e3 d5 4. Be2 b6 5. 0-0 Bb7 6. Ne5 Be7 7. Nd2 0-0 8. f4 Ne4 9. Nxe4 dxe4 10. Bd2 c5 11. c3 Nc6 12. Nxc6 Bxc6 13. Be1 Qd7 14. Qc2 Rad8 15. Rd1 Qc8 16. Qb3 Kh8 17. g4 cxd4 18. cxd4 Qd7 19. Qc2 Rc8 20. Qb1 Bd5 21. Bg3 f5 22. Rc1 Rxc1 23. Rxc1 Rc8 24. Bb5 Qb7 25. gxf5 exf5 26. b3 h6 27. Rxc8+ Qxc8 28. Qf1 Qc3 29. Qe2 Kh7 30. Bd7 g6 31. Bf2 Bf7 32. Kg2 Qc7 1/2-1/2

[Event "AUT-chT2M 1920"]
[Site "Austria"]
[Date "2019.10.12"]
[Round "2.5"]
[White "Frosch, Erich"]
[Black "Postlmayer, Jakob"]
[Result "1/2-1/2"]
[WhiteElo "2188"]
[BlackElo "2204"]
[PlyCount "105"]
[EventDate "2019.10.11"]
[EventType "team-tourn"]
[EventRounds "11"]
[EventCountry "AUT"]
[SourceTitle "CBM 192 Extra"]
[Source "Chessbase"]
[SourceDate "2019.11.06"]
[SourceVersion "1"]
[SourceVersionDate "2019.11.06"]
[SourceQuality "1"]
[WhiteTeam "Gleisdorf"]
[BlackTeam "Freistadt/Wartberg"]
[WhiteTeamCountry "AUT"]
[BlackTeamCountry "AUT"]

1. d4 d5 2. Nf3 Nf6 3. e3 Bf5 4. c4 c6 5. Nc3 e6 6. Be2 Nbd7 7. 0-0 h6 8. Bd2 Bd6 9. Rc1 0-0 10. c5 Bc7 11. b4 b6 12. b5 bxc5 13. bxc6 Nb8 14. dxc5 Nxc6 15. Nd4 Nxd4 16. exd4 e5 17. Nb5 exd4 18. Nxd4 Be4 19. f3 Bh7 20. Ba6 Be5 21. Nc6 Bxh2+ 22. Kh1 Qc7 23. Qa4 Bg3 24. Bc3 Nh5 25. Rfd1 Bf4 26. Bd2 Rfe8 27. Bxf4 Nxf4 28. Re1 Re6 29. Rxe6 Nxe6 30. Bb5 a6 31. Bf1 Rc8 32. Na5 d4 33. Nb3 d3 34. Qxa6 Rd8 35. Qc4 Qg3 36. c6 d2 37. Rd1 Qe1 38. Qe2 Qh4+ 39. Kg1 Nd4 40. Qc4 Nxf3+ 41. gxf3 Qg3+ 42. Bg2 Bd3 43. c7 Qe1+ 44. Kh2 Re8 45. Qa4 Bb5 46. Qb4 Qxd1 47. Qxb5 Qe1 48. Nxd2 Qh4+ 49. Kg1 Re1+ 50. Nf1 Qd4+ 51. Kh1 Qh4+ 52. Kg1 Qc4 53. Kh1 1/2-1/2

[Event "AUT-chT2M 1819"]
[Site "Austria"]
[Date "2018.11.25"]
[Round "5.4"]
[White "Frosch, Erich"]
[Black "Reichmann, Egon"]
[Result "1/2-1/2"]
[WhiteElo "2214"]
[BlackElo "2225"]
[PlyCount "63"]
[EventDate "2018.10.19"]
[EventType "team-tourn"]
[EventRounds "11"]
[EventCountry "AUT"]
[SourceTitle "CBM 189 Extra"]
[Source "ChessBase"]
[SourceDate "2019.06.03"]
[SourceVersion "1"]
[SourceVersionDate "2019.06.03"]
[SourceQuality "1"]
[WhiteTeam "Gleisdorf"]
[BlackTeam "Die Klagenfurter"]
[WhiteTeamCountry "AUT"]
[BlackTeamCountry "AUT"]

1. Nf3 d5 2. b3 c6 3. Bb2 Bf5 4. d3 e6 5. Nbd2 Nf6 6. h3 h6 7. g4 Bh7 8. Bg2 Be7 9. Ne5 Nbd7 10. Nxd7 Qxd7 11. Nf3 0-0 12. Ne5 Qc7 13. Qd2 Nd7 14. Nxd7 Qxd7 15. 0-0-0 a5 16. h4 a4 17. g5 axb3 18. axb3 hxg5 19. hxg5 Qd8 20. f4 Ba3 21. Bxa3 Rxa3 22. Qb4 Qa5 23. Qxa5 Rxa5 24. Kb2 Rfa8 25. Ra1 Rxa1 26. Rxa1 Rxa1 27. Kxa1 Kf8 28. Kb2 Ke7 29. Kc3 Kd6 30. Kb4 f6 31. gxf6 gxf6 32. c4 1/2-1/2

[Event "AUT-chT2M 1718"]
[Site "Austria"]
[Date "2018.04.07"]
[Round "11.4"]
[White "Flumbort, Andras"]
[Black "Frosch, Erich"]
[Result "1-0"]
[WhiteElo "2446"]
[BlackElo "2197"]
[PlyCount "51"]
[EventDate "2017.10.27"]
[EventType "team-tourn"]
[EventRounds "11"]
[EventCountry "AUT"]
[SourceTitle "EXT 2019"]
[Source "ChessBase"]
[SourceDate "2018.10.10"]
[SourceVersion "1"]
[SourceVersionDate "2018.10.10"]
[SourceQuality "1"]
[WhiteTeam "St Valentin"]
[BlackTeam "Gleisdorf"]
[WhiteTeamCountry "AUT"]
[BlackTeamCountry "AUT"]

1. d4 Nf6 2. c4 e6 3. Nf3 b6 4. g3 Bb7 5. Bg2 Be7 6. 0-0 0-0 7. Re1 d5 8. cxd5 exd5 9. Nc3 Nbd7 10. Bf4 a6 11. Ne5 Bd6 12. Qb3 Bxe5 13. Bxe5 Nxe5 14. dxe5 Ne4 15. Rad1 Nc5 16. Qc2 c6 17. b4 Ne6 18. Ne4 Qe7 19. Nd6 f6 20. e4 fxe5 21. exd5 Nd4 22. Rxd4 Qxd6 23. Rh4 cxd5 24. Qxh7+ Kf7 25. Qh5+ Kf6 26. Rg4 1-0

[Event "AUT-chT2M 1718"]
[Site "Austria"]
[Date "2017.10.29"]
[Round "3.3"]
[White "Frosch, Erich"]
[Black "Perhinig, Robert"]
[Result "1-0"]
[WhiteElo "2197"]
[BlackElo "2229"]
[PlyCount "51"]
[EventDate "2017.10.27"]
[EventType "team-tourn"]
[EventRounds "11"]
[EventCountry "AUT"]
[SourceTitle "CBM 181 Extra"]
[Source "ChessBase"]
[SourceDate "2017.12.12"]
[SourceVersion "1"]
[SourceVersionDate "2017.12.12"]
[SourceQuality "1"]
[WhiteTeam "Gleisdorf"]
[BlackTeam "Villach Admira"]
[WhiteTeamCountry "AUT"]
[BlackTeamCountry "AUT"]

1. Nf3 d5 2. b3 Nf6 3. Bb2 g6 4. d3 Bg7 5. Nbd2 0-0 6. g3 c5 7. Bg2 Nc6 8. Ne5 Nxe5 9. Bxe5 b6 10. 0-0 Bb7 11. Qc1 Bh6 12. Bxf6 exf6 13. e3 Qd7 14. a4 Rad8 15. Rd1 d4 16. e4 Bxd2 17. Qxd2 f5 18. Re1 Rfe8 19. Bh3 Qc6 20. f3 fxe4 21. fxe4 Re5 22. Qf4 Rde8 23. Rf1 f5 24. Rf2 fxe4 25. Qf7+ Kh8 26. Bd7 1-0

[Event "Steyr Landesliga 1718"]
[Site "Austria"]
[Date "2017.10.21"]
[Round "3.2"]
[White "Bonstingl, Georg"]
[Black "Frosch, Erich"]
[Result "0-1"]
[WhiteElo "2227"]
[BlackElo "2197"]
[PlyCount "76"]
[EventDate "2017.09.30"]
[EventType "team-tourn"]
[EventRounds "11"]
[EventCountry "AUT"]
[SourceTitle "CBM 181 Extra"]
[Source "ChessBase"]
[SourceDate "2017.12.12"]
[SourceVersion "1"]
[SourceVersionDate "2017.12.12"]
[SourceQuality "1"]
[WhiteTeam "Gamlitz"]
[BlackTeam "Graz Schachgesellschaft"]
[WhiteTeamCountry "AUT"]
[BlackTeamCountry "AUT"]

1. Nf3 d5 2. g3 Nf6 3. Bg2 e6 4. d3 Be7 5. 0-0 0-0 6. Nbd2 b6 7. e4 dxe4 8. Ng5 Bb7 9. Ndxe4 Nxe4 10. Nxe4 Qc8 11. Re1 Nd7 12. h4 Re8 13. Bd2 a5 14. a4 Bb4 15. c3 Be7 16. Bg5 Bf8 17. d4 h6 18. Bf4 f5 19. Nd2 Bxg2 20. Kxg2 Bd6 21. Qb3 Nf6 22. Be5 Kf7 23. Nc4 Qb7+ 24. f3 Bf8 25. Bf4 Nd5 26. Ne5+ Kg8 27. Bd2 Bd6 28. Nd3 Rad8 29. Rad1 Qc8 30. Re2 Qd7 31. Rde1 Qf7 32. c4 Qg6 33. cxd5 Qxg3+ 34. Kf1 Qxf3+ 35. Kg1 Bg3 36. dxe6 Rxd4 37. e7+ Kh7 38. Nc1 Bh2+ 0-1

[Event "AUT-chT2M 1516"]
[Site "Austria"]
[Date "2016.02.27"]
[Round "7.5"]
[White "Frosch, Erich"]
[Black "Perhinig, Robert"]
[Result "1-0"]
[WhiteElo "2237"]
[BlackElo "2305"]
[PlyCount "89"]
[EventDate "2015.10.02"]
[EventType "team-tourn"]
[EventRounds "11"]
[EventCountry "AUT"]
[SourceTitle "EXT 2017"]
[Source "ChessBase"]
[SourceDate "2016.10.25"]
[SourceVersion "1"]
[SourceVersionDate "2016.10.25"]
[SourceQuality "1"]
[WhiteTeam "Gleisdorf"]
[BlackTeam "Villach Admira"]
[WhiteTeamCountry "AUT"]
[BlackTeamCountry "AUT"]

1. d4 d5 2. Nf3 Nf6 3. e3 c6 4. c4 e6 5. Nc3 Nbd7 6. a3 Bd6 7. b4 0-0 8. Bb2 Qe7 9. cxd5 exd5 10. Be2 b5 11. Qc2 Nb6 12. Nd2 Nc4 13. Nxc4 bxc4 14. h3 Re8 15. g4 h6 16. Bf3 Nh7 17. b5 Qh4 18. 0-0-0 Qe7 19. bxc6 Bxa3 20. Nxd5 Qd6 21. Bxa3 Qxa3+ 22. Qb2 Qa5 23. Qb4 Qa1+ 24. Kc2 Qa2+ 25. Qb2 Qa4+ 26. Kc3 Kh8 27. Nb4 Ng5 28. Bg2 a5 29. Nc2 Be6 30. Ra1 Qb3+ 31. Qxb3 cxb3 32. Na3 a4 33. d5 Bc8 34. Nc4 f5 35. Nb6 Ra5 36. Rxa4 Rxa4 37. Nxa4 fxg4 38. hxg4 Bxg4 39. Kxb3 Rf8 40. f4 Nf7 41. Kc4 Nd6+ 42. Kc5 Nf5 43. Re1 h5 44. c7 h4 45. Nb6 1-0

[Event "AUT-chT2M 1314"]
[Site "Austria"]
[Date "2013.11.16"]
[Round "4.3"]
[White "Kotz, Heinz Peter"]
[Black "Frosch, Erich"]
[Result "1-0"]
[WhiteElo "2345"]
[BlackElo "2227"]
[PlyCount "97"]
[EventDate "2013.10.04"]
[EventType "team-tourn"]
[EventRounds "11"]
[EventCountry "AUT"]
[SourceTitle "EXT 2015"]
[Source "ChessBase"]
[SourceDate "2014.11.20"]
[SourceVersion "1"]
[SourceVersionDate "2014.11.20"]
[SourceQuality "1"]
[WhiteTeam "Graz Austria"]
[BlackTeam "Gleisdorf"]
[WhiteTeamCountry "AUT"]
[BlackTeamCountry "AUT"]

1. e4 e5 2. Nf3 Nc6 3. Bb5 a6 4. Ba4 Nf6 5. 0-0 b5 6. Bb3 Be7 7. d4 d6 8. c3 0-0 9. h3 h6 10. Re1 Bb7 11. Nbd2 Re8 12. Nf1 Bf8 13. Ng3 Na5 14. Bc2 c5 15. d5 Nc4 16. Nh2 Bc8 17. b3 Nb6 18. f4 exf4 19. Bxf4 Nbd7 20. Nf3 Ne5 21. Nxe5 dxe5 22. Be3 Nh7 23. Rf1 Qc7 24. Qd2 a5 25. Bd1 Ra6 26. Bh5 Nf6 27. Be2 c4 28. Kh2 Bd7 29. bxc4 bxc4 30. Rab1 Rc8 31. Qb2 Bc5 32. Bxc5 Qxc5 33. Qb7 Rd6 34. Rxf6 gxf6 35. Bg4 Qc7 36. Qxc7 Rxc7 37. Rb8+ Kh7 38. Rd8 Rb7 39. Bf5+ Bxf5 40. Rxd6 Bg6 41. Rc6 Rb2 42. a4 h5 43. h4 Rf2 44. Rxc4 Rf4 45. d6 Rxh4+ 46. Kg1 Rg4 47. d7 h4 48. d8Q hxg3 49. Qxf6 1-0

[Event "Graz op"]
[Site "Graz"]
[Date "2005.09.07"]
[Round "5"]
[White "Schachinger, Mario"]
[Black "Frosch, Erich"]
[Result "1/2-1/2"]
[WhiteElo "2232"]
[BlackElo "2340"]
[PlyCount "90"]
[EventDate "2005.09.03"]
[EventType "swiss"]
[EventRounds "9"]
[EventCountry "AUT"]
[SourceTitle "EXT 2007"]
[Source "ChessBase"]
[SourceDate "2006.11.23"]
[SourceVersion "1"]
[SourceVersionDate "2006.11.23"]
[SourceQuality "1"]

1. e4 e5 2. Nf3 Nc6 3. Bb5 a6 4. Ba4 Nf6 5. d3 b5 6. Bb3 Be7 7. c3 0-0 8. Nbd2 d5 9. 0-0 dxe4 10. dxe4 Bb7 11. Qe2 Bd6 12. Rd1 Qc8 13. Nf1 Na5 14. Bc2 Re8 15. Ng3 Bf8 16. Nf5 Nc4 17. a4 Nd6 18. Ng3 Bc6 19. Bg5 Qe6 20. Nd2 bxa4 21. Bxa4 Bb5 22. Qf3 Bxa4 23. Rxa4 Nd7 24. Qe2 Nc5 25. Raa1 a5 26. b4 axb4 27. cxb4 Nb3 28. Nxb3 Qxb3 29. Rab1 Qe6 30. Rdc1 Qd7 31. Rc5 Rab8 32. Rbc1 Rb7 33. Bd2 g6 34. Qd3 Qe7 35. Qd5 Bg7 36. Nf1 Reb8 37. Bc3 Nb5 38. Ba1 Rb6 39. Ne3 c6 40. Rxc6 Rxc6 41. Qxc6 Qxb4 42. Nd5 Qd6 43. f3 Qxc6 44. Rxc6 Nd4 45. Rb6 Rxb6 1/2-1/2

[Event "Graz op-A"]
[Site "Graz"]
[Date "2004.09.10"]
[Round "7"]
[White "Kreisl, Robert"]
[Black "Frosch, Erich"]
[Result "1/2-1/2"]
[WhiteElo "2206"]
[BlackElo "2320"]
[PlyCount "78"]
[EventDate "2004.09.04"]
[EventType "swiss"]
[EventRounds "9"]
[EventCountry "AUT"]
[SourceTitle "EXT 2006"]
[Source "ChessBase"]
[SourceDate "2005.11.24"]
[SourceVersion "1"]
[SourceVersionDate "2005.11.24"]
[SourceQuality "1"]

1. e4 e5 2. Bc4 Nc6 3. Nc3 Nf6 4. d3 Be7 5. f4 0-0 6. Nf3 d6 7. 0-0 exf4 8. Bxf4 Na5 9. Bb3 Nxb3 10. axb3 c6 11. Qd2 Bg4 12. h3 Bh5 13. Nd4 Bg6 14. Nf5 Bxf5 15. exf5 d5 16. Bg5 Re8 17. Rae1 Qd7 18. Qd1 b5 19. Qf3 a5 20. Kh1 h6 21. Bh4 Nh7 22. Bxe7 Rxe7 23. Rxe7 Qxe7 24. Qf2 Nf6 25. Re1 Qd7 26. Kg1 Re8 27. Rxe8+ Qxe8 28. Qe2 Kf8 29. Kf2 Qb8 30. Qe3 Qd6 31. Ne2 c5 32. Qg3 Qxg3+ 33. Kxg3 Ke7 34. Kf4 Kd6 35. d4 cxd4 36. Nxd4 Kc5 37. Nf3 Nh5+ 38. Kg4 Nf6+ 39. Kf4 Nh5+ 1/2-1/2

[Event "Graz op-A"]
[Site "Graz"]
[Date "2004.09.08"]
[Round "5"]
[White "Stanec, Nikolaus"]
[Black "Frosch, Erich"]
[Result "1/2-1/2"]
[WhiteElo "2562"]
[BlackElo "2320"]
[PlyCount "63"]
[EventDate "2004.09.04"]
[EventType "swiss"]
[EventRounds "9"]
[EventCountry "AUT"]
[SourceTitle "EXT 2006"]
[Source "ChessBase"]
[SourceDate "2005.11.24"]
[SourceVersion "1"]
[SourceVersionDate "2005.11.24"]
[SourceQuality "1"]

1. c4 b6 2. Nc3 Bb7 3. d4 Nf6 4. Bg5 e6 5. e3 Be7 6. Nf3 0-0 7. Bd3 h6 8. Bh4 d6 9. 0-0 Nbd7 10. Qe2 Re8 11. Nd2 e5 12. d5 a5 13. Bg3 Nc5 14. Bc2 Bc8 15. b3 Nh7 16. e4 Bg5 17. a3 Bf4 18. b4 axb4 19. axb4 Rxa1 20. Rxa1 Na6 21. Rb1 Qg5 22. Nf1 Nf6 23. Bd3 Bxg3 24. fxg3 Nb8 25. c5 Bg4 26. Qe3 bxc5 27. bxc5 Qxe3+ 28. Nxe3 dxc5 29. Na4 Nbd7 30. Rb7 Ra8 31. Bb5 Nb6 32. Nxb6 1/2-1/2

[Event "Graz op-A"]
[Site "Graz"]
[Date "2004.09.07"]
[Round "4"]
[White "Frosch, Erich"]
[Black "Zoebisch, Herbert"]
[Result "1-0"]
[WhiteElo "2320"]
[BlackElo "2187"]
[PlyCount "72"]
[EventDate "2004.09.04"]
[EventType "swiss"]
[EventRounds "9"]
[EventCountry "AUT"]
[SourceTitle "EXT 2006"]
[Source "ChessBase"]
[SourceDate "2005.11.24"]
[SourceVersion "1"]
[SourceVersionDate "2005.11.24"]
[SourceQuality "1"]

1. d4 d5 2. Nf3 Nf6 3. e3 e6 4. c4 dxc4 5. Bxc4 c5 6. Nc3 a6 7. a4 Be7 8. 0-0 Nc6 9. Ba2 0-0 10. h3 Qc7 11. Qe2 b6 12. Rd1 Bb7 13. dxc5 Bxc5 14. e4 Nd7 15. Be3 Rfd8 16. Rac1 Bxe3 17. Qxe3 Nc5 18. e5 Rxd1+ 19. Rxd1 Rd8 20. Rxd8+ Qxd8 21. a5 Nd7 22. Bb1 bxa5 23. Be4 Qc7 24. Na4 h6 25. Qc3 Qc8 26. Kh2 Nb4 27. Qxc8+ Bxc8 28. Kg3 Kf8 29. Kf4 Ke7 30. Ke3 f6 31. Ba8 Kd8 32. Nd2 Kc7 33. f4 Nb6 34. Nxb6 Kxb6 35. Nc4+ Kb5 36. Nd6+ Ka4 1-0

[Event "Graz op-A"]
[Site "Graz"]
[Date "2004.09.04"]
[Round "1"]
[White "Spelec, Darko"]
[Black "Frosch, Erich"]
[Result "0-1"]
[WhiteElo "2086"]
[BlackElo "2320"]
[PlyCount "50"]
[EventDate "2004.09.04"]
[EventType "swiss"]
[EventRounds "9"]
[EventCountry "AUT"]
[SourceTitle "EXT 2006"]
[Source "ChessBase"]
[SourceDate "2005.11.24"]
[SourceVersion "1"]
[SourceVersionDate "2005.11.24"]
[SourceQuality "1"]

1. d4 Nf6 2. Bg5 e6 3. Nc3 d5 4. e4 dxe4 5. Nxe4 Be7 6. Bxf6 gxf6 7. Bc4 c6 8. c3 h5 9. Nf3 Nd7 10. Qe2 f5 11. Ned2 Qc7 12. 0-0-0 b5 13. Bb3 a5 14. Rhe1 a4 15. Bxe6 fxe6 16. Qxe6 Nf8 17. Qf6 Rg8 18. Rxe7+ Qxe7 19. Re1 Be6 20. Qe5 0-0-0 21. h4 Qd6 22. Qe3 f4 23. Qe4 Bxa2 24. Ne5 Bd5 25. Qf5+ Nd7 0-1

[Event "AUT-chT 0304"]
[Site "Austria"]
[Date "2003.11.30"]
[Round "3"]
[White "Titz, Heimo"]
[Black "Frosch, Erich"]
[Result "0-1"]
[WhiteElo "2259"]
[BlackElo "2341"]
[PlyCount "84"]
[EventDate "2003.11.28"]
[EventType "team-tourn"]
[EventRounds "11"]
[EventCountry "AUT"]
[SourceTitle "CBM 097 Extra"]
[Source "ChessBase"]
[SourceDate "2004.01.13"]
[SourceVersion "1"]
[SourceVersionDate "2004.01.13"]
[SourceQuality "1"]
[WhiteTeam "Klagenfurter Die"]
[BlackTeam "Graz Austria"]
[WhiteTeamCountry "AUT"]
[BlackTeamCountry "AUT"]

1. c4 Nf6 2. Nc3 c5 3. g3 Nc6 4. Bg2 g6 5. e4 Bg7 6. Nge2 0-0 7. 0-0 d6 8. d3 Rb8 9. Rb1 a6 10. a3 b5 11. cxb5 axb5 12. b4 cxb4 13. axb4 Bg4 14. Be3 Qc8 15. f3 Bd7 16. d4 Qb7 17. Qb3 Rfc8 18. Ra1 Ra8 19. Rfb1 e6 20. Bf1 Ne7 21. Bf2 g5 22. h3 h5 23. Bg2 Bc6 24. Qc2 Ng6 25. Be3 g4 26. hxg4 hxg4 27. f4 Ne7 28. Qd3 d5 29. e5 Ne4 30. Nxe4 dxe4 31. Qd2 Nf5 32. Kf2 Bd5 33. Nc3 Bf8 34. Nxd5 Qxd5 35. Bf1 Rxa1 36. Rxa1 Qb3 37. Rc1 Rxc1 38. Qxc1 Bxb4 39. Be2 Nxe3 40. Qc8+ Bf8 41. Qd8 Nf5 42. Qg5+ Bg7 0-1